000
00320nam a2200121Ia 4500
008
191201s1998 xx 000 0 und d
100
_a
FEYNMAN, Richard P
245
0
_a
Lecturer on Physics vol-III
260
_a
N. delhi
_b
Narosa Publication House
_c
1998
300
_a
1397--1820
650
_a
Applied
942
_2
ddc
_c
BK
_0
1
999
_c
6621
_d
6621